01031cam a22002891i 450000100090000000300060000900500170001500800410003201000170007302000260009004000230011604200080013905000250014708200150017210000440018724502020023124600210043324600100045426400360046430000300050033600260053033700280055633800270058449000380061150400590064963000330070819199586GBCCL20241126110726.0160729s2013 nyu 000 0 eng  a 2016449094 a9780567077400q(hbk.) aDLCbengerdacDLC apcc00aBS2785.53b.A45 2013 a220.7bICC1 aAllison, Dale C.,cJr.,d1955-eauthor.12aA critical and exegetical commentary on the Epistle of James /cby Dale C. Allison Jr., Errett M. Grable Professor of New Testament Exegesis and Early Christianity, Pittsburgh Theological Seminary.3 aEpistle of James3 aJames 1aNew Delhi :bBloomsbury,c2023. axlix, 790 pages ;c23 cm. atextbtxt2rdacontent aunmediatedbn2rdamedia avolumebnc2rdacarrier0 aInternational critical commentary aIncludes bibliographical references (pages [xi]-xlix).00aBible.pJamesvCommentaries.